| 000 | 00825nam a2200229 a 4500 | ||
|---|---|---|---|
| 001 | BRCA_1702 | ||
| 003 | FranzMayer | ||
| 005 | 20230918125533.0 | ||
| 008 | 010509s2000 mx-a---###---#000-0#spa-d | ||
| 020 | _a9687192712 | ||
| 040 |
_aDLC _cDLC _dDLC |
||
| 050 | 4 |
_aBT660.G8 _b.T47 2000 |
|
| 245 | 1 | 0 |
_aTepeyac _bestudios históricos _cIsmael Arturo Montero García, Carmen Aguilera coordinadores ; Ismael Arturo Montero García ... [et al.]. |
| 260 |
_a[México] _bUniversidad del Tepeyac _c2000 |
||
| 300 |
_a238 p. _bil. (algunas a color) _c29 cm. |
||
| 500 | _aUn ejemplar en Anexo 1 | ||
| 650 | 1 | 4 |
_aGuadalupe, nuestra señora de _95318 |
| 651 | 4 |
_aGuadalupe Hidalgo (México) _xVida religiosa y costumbres _95319 |
|
| 700 | 1 |
_aMontero García, Ismael Arturo _95320 |
|
| 700 | 1 |
_aAguilera, Carmen _94679 |
|
| 942 |
_2lcc _cB |
||
| 999 |
_c1493 _d1493 |
||